Manchester-Boston Regional Airport Destinations (Manchester, NH, USA) - Statistics

General Stats
  • This quiz has been taken 86 times
    38 since last reset
  • The average score is 14 of 20
Answer Stats
Airline Destination % Correct
American Airlines/American Eagle Charlotte
93%
Avelo Airlines Charlotte/Concord
93%
United Express Newark
93%
Breeze Airways/JetBlue/Southwest Airlines Orlando
93%
United Express Washington (Dulles)
90%
American Eagle Washington (National)
90%
Southwest Airlines Baltimore
87%
Southwest Airlines Chicago (Midway)
87%
American Eagle Chicago (O'Hare)
87%
American Eagle Philadelphia
87%
Southwest Airlines Tampa
87%
Breeze Airways/JetBlue Fort Myers
73%
JetBlue Fort Lauderdale
70%
Sun Country Airlines Minneapolis/St. Paul
70%
Avelo Airlines/Breeze Airways Raleigh/Durham
67%
Breeze Airways Charleston (SC)
53%
Avelo Airlines/Breeze Airways Myrtle Beach
53%
Avelo Airlines Wilmington (NC)
37%
Avelo Airlines Greenville/Spartanburg
23%
Avelo Airlines Lakeland
13%
No matching quizzes found
Score Distribution
Percent of People with Each Score
Percentile by Number Answered
Your Score History
You have not taken this quiz since the last reset